Directing the President and the Secretary of Defense To Furnish to the House of Representatives Full and Complete Information Concerning Certain Specific Military Activities of the U.S. in Southeast Asia.

Bibliographic Details
Corporate Authors: United States. Congress. House. Committee on Armed Services, ProQuest (Firm), United States. Department of Defense
Format: eBook
Language:English
Published: Washington : [publisher not identified], 1972.
Series:United States congressional serial set.
Subjects:
Online Access:Connect to the full text of this electronic book

MARC

Tag First Indicator Second Indicator Subfields
LEADER 00000cam a22000001a 4500
001 in00002842349
005 20190331171429.0
006 m o d
007 cr bn mmmapmmp
008 110610s1972 dcu o f000 0 eng d
035 |a cis2004604448 
040 |a ProQuest  |c ProQuest  |d UtOrBLW 
043 |a n-us--- 
099 |a ProQuest Serial Set Number 12974-2 H.rp.1003 
110 1 |a United States.  |b Congress.  |b House.  |b Committee on Armed Services. 
245 1 0 |a Directing the President and the Secretary of Defense To Furnish to the House of Representatives Full and Complete Information Concerning Certain Specific Military Activities of the U.S. in Southeast Asia. 
264 1 |a Washington :  |b [publisher not identified],  |c 1972. 
300 |a 1 online resource. 
336 |a text  |b txt  |2 rdacontent 
337 |a computer  |b c  |2 rdamedia 
338 |a online resource  |b cr  |2 rdacarrier 
490 0 |a H. Rpt. 92-1003 
500 |a Record is based on bibliographic data in ProQuest U.S. Serial Set Digital Collection (last viewed June 2011). Reuse except for individual research requires license from ProQuest, LLC. 
510 3 |a ProQuest U.S. Serial Set Digital Collection 
500 |a Electronic resource. 
610 1 0 |a United States.  |b Department of Defense. 
650 0 |a Air warfare. 
650 0 |a Executive privilege (Government information) 
655 7 |a Electronic books.  |2 local 
710 2 |a ProQuest (Firm) 
710 1 |a United States.  |b Department of Defense. 
830 0 |a United States congressional serial set. 
856 4 0 |u http://proxy.library.tamu.edu/login?url=http://congressional.proquest.com/congcomp/getdoc?SERIAL-SET-ID=12974-2+H.rp.1003  |z Connect to the full text of this electronic book  |t 0 
999 |a MARS 
999 f f |s 10a56497-426c-3cf7-87e0-60e1bb5e2f0d  |i 71aabd6c-543f-308c-82fc-37383ebcb8ba  |t 0 
952 f f |a Texas A&M University  |b College Station  |c Electronic Resources  |d Available Online  |t 0  |e ProQuest Serial Set Number 12974-2 H.rp.1003  |h Other scheme 
998 f f |a ProQuest Serial Set Number 12974-2 H.rp.1003  |t 0  |l Available Online